000 01071nam a22002297a 4500
005 20131222155932.0
008 120206s2011 ua o gr 00000aara d
020 _a9789772814479
043 _af-ua---
082 0 4 _222
_a378.00962
_bس ل ي
100 1 _928668
_aسليمان، على عبد العزيز
245 1 0 _aذكريات السنوات الذهبية :
_bكلية الاقتصاد والسياسة فى الستينيات /
_cعلى عبد العزيز سليمان.
260 _aالجيزة، مصر :
_bالمكتبة الأكاديمية (شركة مساهمة مصرية)،
_c2011.
300 _a152 ص. :
_bصور ؛
_c24 سم.
500 _aيشتمل على ملاحق.
600 1 _928669
_aسليمان، على عبدالعزيز
_vالمذكرات
610 2 _aجامعة القاهرة.
_bكلية الاقتصاد والسياسة
_vدرسات حالة
_934665
650 0 _934663
_aالجامعات والكليات
_yقرن 20
_zمصر
653 _bAra
_cDecember2013
655 _vreading book
_934232
942 _2ddc
_cBB
_k378.00962 س ل ي
999 _c16399
_d16399